• 首页
  • 本馆介绍
  • 公告通知
  • 最新文献
  • 馆藏检索
  • 电子资源
  • 读者导购
  • 参考咨询
  • 我的图书馆
  • 登录
  • 详细信息显示
  • 放入我的书架
  • 预约/预借图书
  • 作者相关作品
  • 分类相关作品
  • 丛书相关作品
  • 出版社相关作品

书目信息

  • 表格格式
  • 工作单格式
  • 卡片格式
题名:
欧美现代文学史
    
 
作者: 何仲生 , 项晓敏 主编
分册:  
出版信息: 上海   复旦大学出版社  2002
页数: 469页
开本: 24cm
丛书名:
单 册:
中图分类: I109.5
科图分类:
主题词: 现代文学--文学史--西方国家
电子资源:
ISBN: 7-309-03258-6
000 00668nam0 2200217 45
001 0310262044
005 20031219104120.9
010    @a7-309-03258-6@dCNY40.00
100    @a20031026d2002 km y0chiy0120 ea
101 0  @achi
105    @aa z 000yy
200 1  @a欧美现代文学史@AOu Mei Xian Dai Wen Xue Shi@f何仲生,项晓敏主编@FHe Zhong Sheng,Xiang Xiao Min Zhu Bian
210    @a上海@c复旦大学出版社@d2002
215    @a469页@c插图@d24cm
300    @a高等院校中文系本科教材
606 0  @a现代文学@x文学史@y西方国家
690    @aI109.5@v4
701    @a何仲生@4主编
701  0 @a项晓敏@4主编
801    @aCN@bTSTC@c20031026
905    @a213230@b327535-537@dI109.5@e53@f3
    
    欧美现代文学史/何仲生,项晓敏主编.-上海:复旦大学出版社,2002
    469页:插图;24cm
    高等院校中文系本科教材
    
    ISBN 7-309-03258-6:CNY40.00
    
●
相关链接 在E读中查询图书 在五车中查询图书 在当当中查询图书 在豆瓣中查询图书


正题名:欧美现代文学史     索取号:I109.5/53         预约/预借

序号 登录号 条形码 馆藏地/架位号 状态 备注
1 0327535   203275357   第二借阅区/ [索取号:I109.5/53] 在馆    
2 0327536   203275366   第二借阅区/ [索取号:I109.5/53] 在馆    
3 0327537   203275375   第一样本阅览室/ [索取号:I109.5/53] 在馆    
4 0334052   203340526   第二借阅区/ [索取号:I109.5/53] 在馆    
5 0334053   203340535   第二借阅区/ [索取号:I109.5/53] 在馆    
6 0334054   203340544   第二借阅区/ [索取号:I109.5/53] 在馆    
唐山师范学院图书馆 欢迎您!
大连网信软件有限公司© 版权所有